| 000 -CABECERA |
| fixed length control field |
01758nam a22002657i 4500 |
| 003 - IDENTIFICADOR DEL NÚMERO DE CONTROL |
| control field |
AR-CdUCM |
| 008 - DATOS DE LONGITUD FIJA--INFORMACIÓN GENERAL |
| fixed length control field |
260428b2014 sp d|||| |||| 00| 0 spa d |
| 020 ## - NÚMERO INTERNACIONAL ESTÁNDAR DEL LIBRO |
| ISBN |
9785396011137 |
| 040 ## - FUENTE DE LA CATALOGACIÓN |
| Agencia/entidad que catalogó originalmente la obra |
MUNICIPALIDAD PROVINCIAL DEL CUSCO |
| Entidad que transcribió la catalogación |
BIBLIOTECA MUNICIPAL DEL CUSCO |
| 082 ## - NÚMERO DE LA CLASIFICACIÓN DECIMAL DEWEY |
| No. de Clasificación |
510 |
| Notacion interna |
G91 / t.1 |
| 100 ## - ENTRADA PRINCIPAL--NOMBRE DE PERSONA |
| Nombre Personal |
Guik, Yevgueni |
| 245 ## - MENCIÓN DE TÍTULO |
| Título |
Matemática en el tablero de ajedrez : |
| Resto del título |
El tablero y las piezas / |
| 260 ## - PUBLICACIÓN, DISTRIBUCIÓN, ETC. |
| Lugar de publicación, distribución, etc. |
España : |
| Nombre de la editorial, distribuidor, etc. |
KRASAND |
| Fecha de publicación, distribución, etc. |
2014 |
| 300 ## - DESCRIPCIÓN FÍSICA |
| Nº de Páginas Extensión |
218 páginas. : |
| Dimensiones |
15x21,5 cm. |
| 505 ## - NOTA DE CONTENIDO CON FORMATO |
| Nota de contenido formateada |
El tablero de ajedrez: estructura y características -- Origen histórico del ajedrez y su vínculo con la matemática -- Sistema de coordenadas y notación algebraica -- Representación del tablero como plano cartesiano -- Propiedades geométricas del tablero -- Concepto de casillas y colores alternos -- Movimiento y valor relativo del rey -- Movimiento y potencia de la dama -- Trayectorias de la torre en filas y columnas -- Movimiento diagonal del alfil y su alcance -- El caballo y sus desplazamientos no lineales -- El peón: movimiento, captura y promoción -- Problemas clásicos del recorrido del caballo -- Caminos mínimos en el tablero -- Simetrías, patrones y regularidades -- Introducción a la teoría de grafos aplicada al ajedrez -- Conteo de movimientos posibles de las piezas -- Estrategias combinatorias básicas -- Resolución de problemas matemáticos en el tablero -- Ejercicios propuestos y soluciones guiadas |
| 650 ## - PUNTO DE ACCESO ADICIONAL DE MATERIA--TÉRMINO DE MATERIA |
| Descriptor |
Ajedrez |
| 9 (RLIN) |
3993 |
| 650 ## - PUNTO DE ACCESO ADICIONAL DE MATERIA--TÉRMINO DE MATERIA |
| Descriptor |
Matemática recreativa |
| 9 (RLIN) |
52768 |
| 650 ## - PUNTO DE ACCESO ADICIONAL DE MATERIA--TÉRMINO DE MATERIA |
| Descriptor |
Teoría de grafos |
| 9 (RLIN) |
41933 |
| 650 ## - PUNTO DE ACCESO ADICIONAL DE MATERIA--TÉRMINO DE MATERIA |
| Descriptor |
Geometría |
| 9 (RLIN) |
52780 |
| 650 ## - PUNTO DE ACCESO ADICIONAL DE MATERIA--TÉRMINO DE MATERIA |
| Descriptor |
Análisis combinatorio |
| 9 (RLIN) |
52781 |
| 650 ## - PUNTO DE ACCESO ADICIONAL DE MATERIA--TÉRMINO DE MATERIA |
| Descriptor |
Juegos de estrategia |
| 9 (RLIN) |
52782 |
| 942 ## - ELEMENTOS DE PUNTO DE ACCESO ADICIONAL (KOHA) |
| Fuente de clasificación |
|
| Tipo de item |
Libros-BMC |
| 945 ## - PROCESAMIENTO DE INFORMACIÓN LOCAL (OCLC) |
| Catalogador |
esh |
| AAAA-MM-DD - Fecha de ingreso o modificacion |
28-04-2026 |